000
00331nam a2200121 a 4500
005
20141022142004.0
008
080915s19uu xx 00 eng d
050
_a
VCD
_b
H15 2004
245
_a
Higpitan mo ang yakap: a story about aids.
650
_a
VCD NUR
650
_a
Higpitan mo ang yakap: a story about aids.
942
_c
AVM
999
_c
276415
_d
276415